000 00291nam a2200097Ia 4500
001 1299150
005 20260417170339.0
008 260417s9999 xx 000 0 und d
245 0 _aHayvanlar Aleminden Masallar Seti - KÖPÜK VE PATİ'NİN HATASI
_cYasemin Katı
260 _bBeyan Yayınları
999 _c1299150
_d1299150